[Event "CAN-ch"]
[Site "Kingston CAN"]
[Date "2019.04.20"]
[Round "4.9"]
[White "Gentes, Kevin"]
[Black "Zhou, Qiyu"]
[Result "0-1"]
[WhiteElo "2220"]
[BlackElo "2246"]
[PlyCount "118"]
[EventDate "2019.04.18"]
[EventType "swiss"]
[EventRounds "9"]
[EventCountry "CAN"]

1. d4 Nf6 2. c4 e6 3. g3 d5 4. Bg2 Bb4+ 5. Bd2 Be7 6. Nf3 O-O 7. Qb3 c6 8. O-O
b6 9. Nc3 Nbd7 10. Rfd1 Bb7 11. cxd5 cxd5 12. Rac1 Rc8 13. Nb5 a6 14. Na3 Ne4
15. Bb4 Bxb4 16. Qxb4 Qf6 17. Qb3 b5 18. Nc2 Rc7 19. Nce1 Rfc8 20. Rxc7 Rxc7
21. Qe3 Nb6 22. Rc1 Nc4 23. Qf4 Qxf4 24. gxf4 Rc8 25. Nd3 Kf8 26. Nfe5 Ke7 27.
b3 Nxe5 28. Rxc8 Bxc8 29. fxe5 Nc3 30. Nc1 b4 31. e3 a5 32. Bf1 Bd7 33. Bd3 Bb5
34. Bxb5 Nxb5 35. Kf1 Nc3 36. Ke1 f5 37. exf6+ Kxf6 38. f3 Kg5 39. Kf1 Kh4 40.
Kg2 h6 41. h3 g6 42. Kh2 Nd1 43. e4 Nf2 44. exd5 exd5 45. Kg2 Nxh3 46. Nd3 g5
47. Ne5 Nf4+ 48. Kh2 Ne2 49. Nc6 h5 50. Ne7 g4 51. fxg4 hxg4 52. Nxd5 Nxd4 53.
Ne3 Ne2 54. Nc4 g3+ 55. Kg2 Nf4+ 56. Kg1 Kh3 57. Ne3 Ne2+ 58. Kh1 Nc3 59. Kg1
Nxa2 0-1

[Event "CAN-ch"]
[Site "Kingston CAN"]
[Date "2019.04.20"]
[Round "4.10"]
[White "Saha, Ananda"]
[Black "Doknjas, Joshua"]
[Result "0-1"]
[WhiteElo "2073"]
[BlackElo "2203"]
[PlyCount "62"]
[EventDate "2019.04.18"]
[EventType "swiss"]
[EventRounds "9"]
[EventCountry "CAN"]

1. d4 Nf6 2. c4 e6 3. Nf3 d5 4. Nc3 Bb4 5. e3 O-O 6. Qc2 b6 7. Ne5 c5 8. a3 Ba5
9. cxd5 exd5 10. Be2 Bb7 11. O-O Nbd7 12. f4 Rc8 13. Qa4 c4 14. Nb5 Nxe5 15.
fxe5 Ne4 16. Nxa7 Ra8 17. Nb5 Bc6 18. b4 Bxb5 19. Qxb5 Nc3 20. Qc6 Nxe2+ 21.
Kf2 Nxd4 22. exd4 Qh4+ 23. Kf3 Qe4+ 24. Kg3 Bxb4 25. Bf4 Bc3 26. Rad1 Rxa3 27.
Rf3 Be1+ 28. Kg4 h5+ 29. Kg5 f6+ 30. exf6 gxf6+ 31. Qxf6 Rxf6 0-1

[Event "CAN-ch"]
[Site "Kingston CAN"]
[Date "2019.04.20"]
[Round "4.11"]
[White "Kang, Dorian"]
[Black "Dukic, Zachary"]
[Result "0-1"]
[WhiteElo "2035"]
[BlackElo "2167"]
[PlyCount "68"]
[EventDate "2019.04.18"]
[EventType "swiss"]
[EventRounds "9"]
[EventCountry "CAN"]

1. c4 g6 2. Nc3 Bg7 3. d4 Nf6 4. e4 d6 5. Nf3 O-O 6. h3 e5 7. d5 Nh5 8. Nd2 Qe8
9. g3 f5 10. exf5 gxf5 11. Be2 Nf6 12. Qc2 a5 13. g4 Na6 14. a3 Nc5 15. gxf5 e4
16. Kd1 Bxf5 17. Nf1 e3 18. Qxf5 Nfe4 19. Qxf8+ Qxf8 20. Bxe3 Nxf2+ 21. Bxf2
Qxf2 22. Rh2 Qf4 23. Rg2 Kh8 24. Rg4 Qf2 25. Ne4 Qd4+ 26. Nfd2 Nb3 27. Rb1 Bh6
28. Kc2 Nxd2 29. Ng5 Qf6 30. Rbg1 Bxg5 31. Rxg5 Nf3 32. Bxf3 Qxf3 33. Rg7 Re8
34. Rxc7 Qf2+ 0-1

[Event "CAN-ch"]
[Site "Kingston CAN"]
[Date "2019.04.20"]
[Round "4.13"]
[White "Zhong, Kevin"]
[Black "Desforges, Jean"]
[Result "1/2-1/2"]
[WhiteElo "1987"]
[BlackElo "2235"]
[PlyCount "56"]
[EventDate "2019.04.18"]
[EventType "swiss"]
[EventRounds "9"]
[EventCountry "CAN"]

1. e4 d5 2. exd5 Nf6 3. c4 c6 4. d4 cxd5 5. Nc3 Nc6 6. Bg5 dxc4 7. d5 Na5 8.
Bxc4 Nxc4 9. Qa4+ Bd7 10. Qxc4 g6 11. Bxf6 exf6 12. Qe2+ Qe7 13. Ne4 O-O-O 14.
Qc2+ Kb8 15. d6 Qe8 16. Qc7+ Ka8 17. Ne2 Bb5 18. O-O Rc8 19. Nxf6 Qd8 20. Qxd8
Rxd8 21. Rfe1 Bg7 22. Nc3 Bxf6 23. Nxb5 a6 24. Nc7+ Kb8 25. Rad1 Bxb2 26. Nxa6+
bxa6 27. Rb1 Rxd6 28. Rxb2+ Ka8 1/2-1/2

[Event "CAN-ch"]
[Site "Kingston CAN"]
[Date "2019.04.20"]
[Round "4.15"]
[White "Chen, Max"]
[Black "Wiebe, Isaac"]
[Result "1-0"]
[WhiteElo "2317"]
[BlackElo "2053"]
[PlyCount "107"]
[EventDate "2019.04.18"]
[EventType "swiss"]
[EventRounds "9"]
[EventCountry "CAN"]

1. e4 e6 2. d4 d5 3. Nd2 Nf6 4. e5 Nfd7 5. Bd3 c5 6. c3 Nc6 7. Ngf3 Be7 8. O-O
g5 9. dxc5 g4 10. Nd4 Ncxe5 11. Bb5 Bxc5 12. Re1 Qf6 13. Qe2 Bd6 14. c4 O-O 15.
cxd5 exd5 16. Nf1 Nb6 17. Ne3 Ng6 18. Qd1 Be5 19. Nec2 a6 20. Be2 Re8 21. Be3
h5 22. b3 Bd7 23. Qd2 Bf4 24. Rad1 Re7 25. Bf1 Rae8 26. Bxf4 Nxf4 27. Rxe7 Rxe7
28. Ne3 Be6 29. Qa5 Nd7 30. Qd8+ Kg7 31. Qxe7 Qxe7 32. Ndf5+ Kf6 33. Nxe7 Kxe7
34. g3 Ng6 35. Nxd5+ Bxd5 36. Rxd5 h4 37. Rg5 Nde5 38. Be2 Kf6 39. Rh5 hxg3 40.
hxg3 Ke6 41. Kg2 f5 42. Rh7 f4 43. gxf4 Nxf4+ 44. Kf1 Nxe2 45. Kxe2 Nd7 46. Rg7
b5 47. Rxg4 Ne5 48. Re4 Kd5 49. Rxe5+ Kxe5 50. b4 Kd4 51. a3 Kc3 52. f4 Kb3 53.
f5 Kxa3 54. f6 1-0

[Event "CAN-ch"]
[Site "Kingston CAN"]
[Date "2019.04.20"]
[Round "4.16"]
[White "Munro, Allan"]
[Black "Rusonik, Max"]
[Result "1-0"]
[WhiteElo "2019"]
[BlackElo "1900"]
[PlyCount "79"]
[EventDate "2019.04.18"]
[EventType "swiss"]
[EventRounds "9"]
[EventCountry "CAN"]

1. e4 e5 2. Nf3 Nc6 3. Bb5 f5 4. d3 fxe4 5. dxe4 Nf6 6. O-O d6 7. Bc4 Bg4 8. h3
Bh5 9. Nc3 Qd7 10. Qd3 h6 11. Nd5 Nxd5 12. exd5 Ne7 13. a4 g5 14. Nd2 Bg7 15.
a5 a6 16. Ne4 O-O 17. Ra3 Bg6 18. Rb3 Qc8 19. Qe2 Nf5 20. c3 Rb8 21. Rb4 Nh4
22. Ng3 Bf7 23. Qg4 c5 24. Qxc8 Rfxc8 25. Rb6 Rd8 26. Ne4 Nf5 27. Rd1 Bf8 28.
Bd2 Bg6 29. Nxc5 dxc5 30. Rxg6+ Kf7 31. Rb6 Nd6 32. Ba2 Nc8 33. Re6 Bg7 34. Be3
c4 35. Bc5 Rxd5 36. Rxd5 Kxe6 37. Rd8 Bf6 38. Bxc4+ Kf5 39. Rf8 Kg6 40. Be6 1-0

[Event "CAN-ch"]
[Site "Kingston CAN"]
[Date "2019.04.20"]
[Round "4.17"]
[White "Yao, Houji"]
[Black "Li, William"]
[Result "1/2-1/2"]
[WhiteElo "2018"]
[BlackElo "2096"]
[PlyCount "104"]
[EventDate "2019.04.18"]
[EventType "swiss"]
[EventRounds "9"]
[EventCountry "CAN"]

1. e4 c5 2. Nf3 Nc6 3. d4 cxd4 4. Nxd4 Nf6 5. Nc3 e5 6. Ndb5 d6 7. Bg5 a6 8.
Na3 b5 9. Bxf6 gxf6 10. Nd5 f5 11. Bd3 Be6 12. c3 Bxd5 13. exd5 Ne7 14. O-O Bg7
15. Nc2 e4 16. Be2 Rc8 17. a4 Rc5 18. Nb4 O-O 19. axb5 axb5 20. Kh1 Qd7 21. Ra6
f4 22. f3 Nf5 23. Nc2 e3 24. Qd3 Nh4 25. Rd1 Qe7 26. g3 fxg3 27. hxg3 Qg5 28.
Qxe3 Qxg3 29. Qg1 Nf5 30. Qg2 Re8 31. Bf1 Qf4 32. Re1 Ng3+ 33. Kg1 Rxe1 34.
Ra8+ Bf8 35. Nxe1 Rxd5 36. Nd3 Qh4 37. f4 Rf5 38. Kf2 Rxf4+ 39. Nxf4 Qxf4+ 40.
Kg1 h5 41. Bxb5 h4 42. Ra4 Qg5 43. Kh2 Qxb5 44. Rxh4 Bg7 45. Kxg3 Qe5+ 46. Kh3
Qf5+ 47. Rg4 Qh5+ 48. Rh4 Qf5+ 49. Kh2 Qe5+ 50. Qg3 Qe2+ 51. Qg2 Qe5+ 52. Kh3
Qf5+ 1/2-1/2

[Event "CAN-ch"]
[Site "Kingston CAN"]
[Date "2019.04.20"]
[Round "4.18"]
[White "Demchenko, Svitlana"]
[Black "Huang, Qiuyu"]
[Result "0-1"]
[WhiteElo "2135"]
[BlackElo "2145"]
[PlyCount "84"]
[EventDate "2019.04.18"]
[EventType "swiss"]
[EventRounds "9"]
[EventCountry "CAN"]

1. d4 f5 2. c4 Nf6 3. Nc3 g6 4. h4 d6 5. h5 Bg7 6. h6 Bf8 7. Bg5 e6 8. e4 fxe4
9. Nxe4 Be7 10. Ng3 O-O 11. Nf3 Bd7 12. Bd3 Ng4 13. Bd2 Nc6 14. Qc2 Rxf3 15.
gxf3 Nxd4 16. Qd1 Ne5 17. Bc3 Ndxf3+ 18. Kf1 Bc6 19. Be4 Bxe4 20. Nxe4 Qf8 21.
Qe2 Qf4 22. Bxe5 Nxe5 23. Rd1 Rf8 24. b3 Ng4 25. Rd3 Rf5 26. Rg1 Ne5 27. Rh3
Nf3 28. Rxf3 Qxf3 29. Ng3 Qxe2+ 30. Kxe2 Ra5 31. a4 Re5+ 32. Kd3 Bg5 33. Rh1 a5
34. Ne2 Rf5 35. Nd4 Rf6 36. Nb5 Rf7 37. c5 dxc5 38. Ke4 Kf8 39. Rd1 Ke8 40. Ke5
Ke7 41. Ke4 Rf4+ 42. Ke5 Rb4 0-1

[Event "CAN-ch"]
[Site "Kingston CAN"]
[Date "2019.04.20"]
[Round "5.1"]
[White "Yang, Kaiqi"]
[Black "Noritsyn, Nikolay"]
[Result "0-1"]
[WhiteElo "2505"]
[BlackElo "2489"]
[PlyCount "60"]
[EventDate "2019.04.18"]
[EventType "swiss"]
[EventRounds "9"]
[EventCountry "CAN"]

1. Nf3 d5 2. e3 c5 3. b3 Nf6 4. Bb2 g6 5. c4 dxc4 6. Bxc4 Bg7 7. Ne5 O-O 8. O-O
Nfd7 9. f4 Nxe5 10. fxe5 Nc6 11. d4 cxd4 12. exd4 Qb6 13. Nc3 Qxd4+ 14. Qxd4
Nxd4 15. Nd5 Nc6 16. Bb5 Bxe5 17. Bxe5 Nxe5 18. Nxe7+ Kg7 19. Rac1 a6 20. Rc5
Be6 21. Rxe5 axb5 22. Rxb5 Rfd8 23. Rxb7 Rxa2 24. g4 Rdd2 25. Rf4 Rg2+ 26. Kf1
Rxh2 27. Kg1 Rhg2+ 28. Kf1 Rgb2 29. Kg1 Bxb3 30. Nc6 Ra1+ 0-1

[Event "CAN-ch"]
[Site "Kingston CAN"]
[Date "2019.04.20"]
[Round "5.2"]
[White "Thavandiran, Shiyam"]
[Black "Bareev, Evgeny"]
[Result "0-1"]
[WhiteElo "2412"]
[BlackElo "2642"]
[PlyCount "90"]
[EventDate "2019.04.18"]
[EventType "swiss"]
[EventRounds "9"]
[EventCountry "CAN"]

1. e4 e6 2. d4 d5 3. exd5 exd5 4. Nf3 Nf6 5. Bd3 Be7 6. h3 O-O 7. O-O Re8 8.
Re1 Nbd7 9. Nc3 c6 10. Bf4 Nf8 11. Qd2 Ng6 12. Bh2 Bf8 13. Rxe8 Nxe8 14. Re1
Bd7 15. Ne2 Nd6 16. Ng3 Nc4 17. Bxc4 dxc4 18. Ne4 Bf5 19. Qe2 b5 20. c3 Qd5 21.
Nfd2 h6 22. Bg3 Bd7 23. h4 f6 24. Nc5 Re8 25. Qd1 Rxe1+ 26. Qxe1 Bxc5 27. dxc5
Qxc5 28. Nf3 h5 29. Nd4 Qd5 30. Nc2 c5 31. Ne3 Qd3 32. f3 a6 33. a3 Kf7 34. Bf2
Bc6 35. Bg3 a5 36. Nf1 Nf8 37. Bc7 Ne6 38. Bxa5 Ke7 39. Qg3 Kf7 40. Qb8 Qe2 41.
Qc8 Be8 42. Qb7+ Kg6 43. Bc7 Qxb2 44. Qe4+ Kf7 45. Bd6 Qxc3 0-1

[Event "CAN-ch"]
[Site "Kingston CAN"]
[Date "2019.04.20"]
[Round "5.5"]
[White "Zhou, Qiyu"]
[Black "Plotkin, Mark"]
[Result "0-1"]
[WhiteElo "2246"]
[BlackElo "2326"]
[PlyCount "68"]
[EventDate "2019.04.18"]
[EventType "swiss"]
[EventRounds "9"]
[EventCountry "CAN"]

1. e4 g6 2. d4 Bg7 3. Nf3 d6 4. Bd3 Bg4 5. Be3 Nc6 6. c3 e5 7. d5 Nce7 8. h3
Bd7 9. g4 c5 10. Nbd2 Nf6 11. Qc2 b5 12. b3 O-O 13. Nf1 Nexd5 14. exd5 e4 15.
Rd1 exd3 16. Qxd3 c4 17. bxc4 bxc4 18. Qxc4 Rc8 19. Qf4 Qa5 20. Qxd6 Ba4 21.
Qb4 Qxb4 22. cxb4 Bxd1 23. Kxd1 Nxd5 24. Bxa7 Rc3 25. N1d2 Ra8 26. Bc5 Rxa2 27.
Re1 Ra1+ 28. Ke2 Nf4+ 29. Kf1 Rxe1+ 30. Nxe1 Rxh3 31. f3 Bc3 32. Be3 Nd5 33.
Kg2 Nxe3+ 34. Kxh3 Bxb4 0-1

[Event "CAN-ch"]
[Site "Kingston CAN"]
[Date "2019.04.20"]
[Round "5.6"]
[White "Dukic, Zachary"]
[Black "Chen, Richard"]
[Result "1-0"]
[WhiteElo "2167"]
[BlackElo "2317"]
[PlyCount "61"]
[EventDate "2019.04.18"]
[EventType "swiss"]
[EventRounds "9"]
[EventCountry "CAN"]

1. e4 c5 2. Nf3 e6 3. d4 cxd4 4. Nxd4 Nc6 5. Nc3 Qc7 6. Be3 a6 7. Qd2 Nf6 8.
O-O-O Bb4 9. f3 Ne5 10. Nb3 b5 11. Kb1 Nc4 12. Bxc4 bxc4 13. a3 Be7 14. Nd4 O-O
15. g4 Rb8 16. Ka1 Bb7 17. g5 Ne8 18. h4 Bc5 19. h5 Qa5 20. Rb1 Ba8 21. g6 fxg6
22. hxg6 hxg6 23. Nde2 Bc6 24. Rh3 Nf6 25. Bxc5 Qxc5 26. Rg3 Kf7 27. Rg5 d5 28.
Nf4 Rg8 29. Nxg6 Ke8 30. Nf4 Qd6 31. e5 1-0

[Event "CAN-ch"]
[Site "Kingston CAN"]
[Date "2019.04.20"]
[Round "5.7"]
[White "Plotkin, Victor"]
[Black "Doknjas, Joshua"]
[Result "1/2-1/2"]
[WhiteElo "2304"]
[BlackElo "2203"]
[PlyCount "90"]
[EventDate "2019.04.18"]
[EventType "swiss"]
[EventRounds "9"]
[EventCountry "CAN"]

1. Nf3 c5 2. g3 g6 3. Bg2 Bg7 4. O-O Nc6 5. c4 e5 6. Nc3 d6 7. d3 Nge7 8. e4
O-O 9. a3 f5 10. Rb1 h6 11. b4 f4 12. Nd5 g5 13. b5 Nb8 14. Nd2 Be6 15. f3 Nd7
16. g4 Rb8 17. Bb2 Ng6 18. Bc3 Kh7 19. Qa4 Ra8 20. Ba5 Nb6 21. Qb3 Rh8 22. Rb2
Nf8 23. Nb1 Kg6 24. Nbc3 Kf7 25. Kf2 Nfd7 26. Rh1 h5 27. h3 Rc8 28. Rbb1 Rh6
29. Na4 Ra8 30. Rbg1 Bxd5 31. cxd5 Qc7 32. Nb2 Rah8 33. Nc4 Qb8 34. Rc1 Qf8 35.
Bd2 Qe7 36. a4 Nxc4 37. dxc4 Nf8 38. Rcg1 Ng6 39. Qd1 Qd8 40. a5 Bf6 41. Qb1
R8h7 42. gxh5 Rxh5 43. Ke2 Qh8 44. Bf1 Nh4 45. Qb3 Qe8 1/2-1/2

[Event "CAN-ch"]
[Site "Kingston CAN"]
[Date "2019.04.20"]
[Round "5.8"]
[White "Tremblay, Rejean"]
[Black "Rodrigue-Lemieux, Shawn"]
[Result "1-0"]
[WhiteElo "2146"]
[BlackElo "2282"]
[PlyCount "107"]
[EventDate "2019.04.18"]
[EventType "swiss"]
[EventRounds "9"]
[EventCountry "CAN"]

1. d4 Nf6 2. c4 e6 3. Nf3 d5 4. Nc3 Bb4 5. Bg5 h6 6. Bxf6 Qxf6 7. Qb3 Nc6 8. a3
Ba5 9. cxd5 exd5 10. Qxd5 Be6 11. Qb5 O-O-O 12. e3 Rd5 13. Qa4 Bxc3+ 14. bxc3
Qg6 15. c4 Ra5 16. Qb3 Bg4 17. Be2 Re8 18. Qc3 Qf6 19. Ne5 Bxe2 20. Nxc6 Rf5
21. Nxa7+ Kb8 22. Nb5 Qc6 23. Kxe2 Rxb5 24. f3 Rg5 25. Kf2 Re6 26. Rhg1 Rf6 27.
Raf1 Qd6 28. g3 Qe6 29. Kg2 Rh5 30. Kh1 Qh3 31. Rg2 Rg6 32. Kg1 Ra6 33. d5 Rg5
34. e4 h5 35. Rb1 h4 36. g4 Rf6 37. Rf1 Rgg6 38. c5 Rf4 39. Qe5 Rxf3 40. Rb1
Rxa3 41. Qe8+ Ka7 42. Qc8 Qe3+ 43. Kh1 Rb3 44. Ra2+ Ra6 45. Rxa6+ bxa6 46.
Qxc7+ Ka8 47. Qd8+ Kb7 48. Qe7+ Kc8 49. Qe8+ Kc7 50. Qxf7+ Kd8 51. Qf8+ Kd7 52.
c6+ Kc7 53. Qe7+ Kb8 54. Rf1 1-0

[Event "CAN-ch"]
[Site "Kingston CAN"]
[Date "2019.04.20"]
[Round "5.9"]
[White "Findlay, Ian"]
[Black "Chen, Max"]
[Result "1/2-1/2"]
[WhiteElo "2233"]
[BlackElo "2070"]
[PlyCount "103"]
[EventDate "2019.04.18"]
[EventType "swiss"]
[EventRounds "9"]
[EventCountry "CAN"]

1. e4 c6 2. d4 d5 3. Nc3 dxe4 4. Nxe4 Nf6 5. Nxf6+ exf6 6. c3 Bd6 7. Bd3 O-O 8.
Qc2 Re8+ 9. Ne2 h5 10. O-O Qc7 11. h3 Nd7 12. c4 c5 13. Be3 Nf8 14. dxc5 Bxc5
15. Bxc5 Qxc5 16. Nc3 Be6 17. Rfd1 Rad8 18. Ne4 Qc6 19. b4 Rxd3 20. Qxd3 Bxc4
21. Nxf6+ gxf6 22. Qg3+ Ng6 23. Rd6 Qc7 24. Rxf6 Qxg3 25. fxg3 Re2 26. Rf2 Re3
27. Rf3 Re4 28. a3 Bd5 29. Rf5 Rd4 30. Raf1 h4 31. gxh4 Nxh4 32. R5f4 Rd2 33.
R1f2 Rd1+ 34. Kh2 Ng6 35. Rg4 b6 36. Rg3 a5 37. bxa5 bxa5 38. h4 Kh7 39. Rf5 a4
40. h5 Ne7 41. Re5 Ng8 42. Re8 Nh6 43. Rd8 Bb3 44. Rxd1 Bxd1 45. Rd3 Bb3 46.
Kg3 Nf5+ 47. Kf4 Ng7 48. Kg5 Ne6+ 49. Kg4 Nc7 50. Kg5 Ne6+ 51. Kg4 Nc7 52. Kg5
1/2-1/2

[Event "CAN-ch"]
[Site "Kingston CAN"]
[Date "2019.04.20"]
[Round "5.10"]
[White "Masse, Hugues"]
[Black "Gordon, David"]
[Result "1-0"]
[WhiteElo "2163"]
[BlackElo "2185"]
[PlyCount "121"]
[EventDate "2019.04.18"]
[EventType "swiss"]
[EventRounds "9"]
[EventCountry "CAN"]

1. e4 c5 2. Nf3 Nc6 3. d4 cxd4 4. Nxd4 e5 5. Nb5 d6 6. c4 Be7 7. N1c3 a6 8. Na3
Be6 9. Be2 Bg5 10. O-O Bxc1 11. Rxc1 Nf6 12. Nc2 O-O 13. Qd2 Qb6 14. b3 Rfd8
15. Rfd1 Rac8 16. Qe3 Qxe3 17. Nxe3 Nd4 18. Bf1 b5 19. f3 Rb8 20. Ne2 Nxe2+ 21.
Bxe2 Kf8 22. Kf2 Ke7 23. h4 Nd7 24. cxb5 axb5 25. Rc7 Rb6 26. Nd5+ Bxd5 27.
Rxd5 Rdb8 28. b4 Kd8 29. Ra7 Nf6 30. Rd2 Ke8 31. Bd1 Rd8 32. Bb3 Rd7 33. Rxd7
Nxd7 34. Rc2 Rb7 35. Bd5 Ra7 36. Bc6 Ke7 37. Bxb5 Nf8 38. Bc4 Rc7 39. Bd3 Rb7
40. a3 Ne6 41. Rc3 Nd4 42. Ke3 Kd8 43. Kd2 g6 44. Kc1 f5 45. Kb2 f4 46. Rc4 g5
47. hxg5 Rg7 48. a4 Rxg5 49. Bf1 Rh5 50. a5 Kd7 51. Rc1 Rg5 52. b5 Ne6 53. Ka3
Nc5 54. Kb4 Rxg2 55. Bxg2 Nd3+ 56. Kc3 Nxc1 57. Bf1 d5 58. exd5 e4 59. fxe4 f3
60. a6 Kc8 61. d6 1-0

[Event "CAN-ch"]
[Site "Kingston CAN"]
[Date "2019.04.20"]
[Round "5.12"]
[White "Desforges, Jean"]
[Black "Munro, Allan"]
[Result "0-1"]
[WhiteElo "2235"]
[BlackElo "2019"]
[PlyCount "100"]
[EventDate "2019.04.18"]
[EventType "swiss"]
[EventRounds "9"]
[EventCountry "CAN"]

1. d4 d5 2. c4 c6 3. Nf3 Nf6 4. Nc3 dxc4 5. a4 Bf5 6. e3 e6 7. Bxc4 Bb4 8. O-O
O-O 9. Nh4 Nbd7 10. Nxf5 exf5 11. f3 Nb6 12. Bd3 g6 13. a5 Nbd5 14. Bd2 Be7 15.
Nxd5 Qxd5 16. Bc3 c5 17. dxc5 Qxc5 18. Bd4 Qd6 19. Qe2 Nd5 20. f4 Bf6 21. Bxf6
Nxf6 22. Rfd1 Qe7 23. Qf3 Rfe8 24. Re1 Qb4 25. a6 bxa6 26. Qc6 Ne4 27. Bxe4
fxe4 28. Red1 Rac8 29. Qxa6 Rc2 30. Qa4 Qxa4 31. Rxa4 Rxb2 32. h4 Rc8 33. Rxa7
Rcc2 34. Ra8+ Kg7 35. Ra7 Rxg2+ 36. Kh1 Rgd2 37. Rxd2 Rxd2 38. Re7 Kf6 39. Rxe4
Kf5 40. Re7 Kg4 41. Kg1 Kxh4 42. Rxf7 Kg3 43. Kf1 Kf3 44. Kg1 h5 45. Rg7 Rg2+
46. Kf1 h4 47. Rh7 Ra2 48. Ke1 Kg3 49. Rh6 h3 50. Rxg6+ Kf3 0-1

[Event "CAN-ch"]
[Site "Kingston CAN"]
[Date "2019.04.20"]
[Round "5.13"]
[White "Noritsyn, Sergey"]
[Black "Kang, Dorian"]
[Result "1/2-1/2"]
[WhiteElo "2159"]
[BlackElo "2035"]
[PlyCount "104"]
[EventDate "2019.04.18"]
[EventType "swiss"]
[EventRounds "9"]
[EventCountry "CAN"]

1. e4 c5 2. Nf3 Nc6 3. Bb5 g6 4. O-O Bg7 5. c3 e5 6. d3 Nge7 7. Be3 d6 8. d4
cxd4 9. cxd4 O-O 10. dxe5 dxe5 11. Bc5 Qa5 12. Qe2 Bg4 13. b4 Bxf3 14. bxa5
Bxe2 15. Bxe2 Nd4 16. Bd1 Bf6 17. Nc3 Rfc8 18. Bxe7 Bxe7 19. Nd5 Bd8 20. Rb1
Rab8 21. f4 exf4 22. Rxf4 Kg7 23. Bg4 Rc5 24. Nb4 Bg5 25. Rff1 Rxa5 26. Rfd1
Re8 27. Bf3 b6 28. Kh1 Rd8 29. Rxd4 Rxd4 30. Nc6 Rda4 31. Nxa5 Rxa5 32. Rb2 Bf6
33. Rd2 Bc3 34. Rc2 Rc5 35. g3 Kf6 36. Kg2 Ke5 37. Kf1 Kd4 38. Ke2 Rb5 39. h3
Rb1 40. g4 b5 41. Kf2 Kd3 42. Re2 Bd4+ 43. Kg3 Be5+ 44. Kf2 Rb2 45. Rxb2 Bxb2
46. Be2+ Kxe4 47. Bxb5 f5 48. Bc6+ Kf4 49. Bd7 fxg4 50. hxg4 h5 51. gxh5 gxh5
52. Kg2 Bf6 1/2-1/2

[Event "CAN-ch"]
[Site "Kingston CAN"]
[Date "2019.04.20"]
[Round "5.14"]
[White "Saha, Ananda"]
[Black "Zhong, Kevin"]
[Result "1-0"]
[WhiteElo "2073"]
[BlackElo "1987"]
[PlyCount "77"]
[EventDate "2019.04.18"]
[EventType "swiss"]
[EventRounds "9"]
[EventCountry "CAN"]

1. Nf3 d5 2. g3 Bg4 3. Bg2 Nd7 4. d4 e6 5. O-O Ngf6 6. c3 c5 7. Bg5 Be7 8. Nbd2
O-O 9. h3 Bh5 10. Re1 h6 11. Bf4 Bg6 12. e3 Qb6 13. Qb3 c4 14. Qxb6 axb6 15.
Ne5 Nxe5 16. Bxe5 Ne4 17. Nxe4 Bxe4 18. f3 Bd3 19. e4 Ra5 20. exd5 Rxd5 21. b4
Ra8 22. a4 Bc2 23. Bf1 Bb3 24. Ra3 Rd7 25. Rea1 Bg5 26. f4 Be7 27. f5 exf5 28.
a5 bxa5 29. Rxa5 Rxa5 30. Rxa5 Bg5 31. Rc5 Be3+ 32. Kg2 Bc2 33. Bxc4 Be4+ 34.
Kf1 b6 35. Rc8+ Kh7 36. Ke2 Bc1 37. Rc7 Rd8 38. Rxf7 Rg8 39. Ra7 1-0

[Event "CAN-ch"]
[Site "Kingston CAN"]
[Date "2019.04.20"]
[Round "5.16"]
[White "Huang, Qiuyu"]
[Black "Yao, Houji"]
[Result "0-1"]
[WhiteElo "2145"]
[BlackElo "2018"]
[PlyCount "116"]
[EventDate "2019.04.18"]
[EventType "swiss"]
[EventRounds "9"]
[EventCountry "CAN"]

1. e4 c5 2. Nf3 e6 3. d4 cxd4 4. Nxd4 Nc6 5. Nc3 Qc7 6. Be2 Nf6 7. O-O Be7 8.
Be3 O-O 9. Kh1 d6 10. f4 Nxd4 11. Qxd4 b6 12. a4 Bb7 13. Bf3 Rfd8 14. a5 bxa5
15. Qa4 d5 16. e5 Ne4 17. Nxe4 dxe4 18. Bxe4 Bxe4 19. Qxe4 Rab8 20. Bc1 Rb4 21.
Qe2 Rbd4 22. c3 Rc4 23. Be3 Rc8 24. Bd4 Rc6 25. Ra4 Bc5 26. Bxc5 Rxc5 27. Rd1
g6 28. Rad4 Qb6 29. R1d2 Rb8 30. Rd6 Qb5 31. Qf2 a4 32. h3 Rcc8 33. Qh4 Qa5 34.
Qf6 a3 35. bxa3 Qxc3 36. Rd7 Rf8 37. a4 Qg3 38. Rd1 Rb2 39. Qg5 Rxg2 40. Qxg3
Rxg3 41. R1d3 Rxd3 42. Rxd3 Rc8 43. Rd7 a5 44. Ra7 Rc5 45. Kg2 h6 46. h4 g5 47.
hxg5 hxg5 48. Kg3 gxf4+ 49. Kxf4 Kg7 50. Rd7 Rc4+ 51. Kg5 Rc5 52. Ra7 Rxe5+ 53.
Kf4 Rd5 54. Ke4 Kg6 55. Ra6 f5+ 56. Kf4 Kf6 57. Ke3 Ke5 58. Rb6 Rc5 0-1

[Event "CAN-ch"]
[Site "Kingston CAN"]
[Date "2019.04.20"]
[Round "5.17"]
[White "Rusonik, Max"]
[Black "Li, William"]
[Result "1/2-1/2"]
[WhiteElo "1900"]
[BlackElo "2096"]
[PlyCount "65"]
[EventDate "2019.04.18"]
[EventType "swiss"]
[EventRounds "9"]
[EventCountry "CAN"]

1. e4 c5 2. Nf3 Nc6 3. d4 cxd4 4. Nxd4 Nf6 5. Nc3 e5 6. Ndb5 d6 7. Bg5 a6 8.
Na3 b5 9. Bxf6 gxf6 10. Nd5 f5 11. Bd3 Be6 12. c3 Bxd5 13. exd5 Ne7 14. Nxb5
Bg7 15. Na3 O-O 16. O-O e4 17. Be2 f4 18. Re1 f3 19. gxf3 Ng6 20. Bf1 Qg5+ 21.
Kh1 Be5 22. Nc4 Bxh2 23. Kxh2 Nf4 24. Bh3 Qh4 25. Rg1+ Kh8 26. Qf1 f5 27. Rg3
Nh5 28. Rg1 Rg8 29. Ne3 Qf4+ 30. Kh1 Qxf3+ 31. Kh2 Qf4+ 32. Kh1 Qf3+ 33. Kh2
1/2-1/2

[Event "CAN-ch"]
[Site "Kingston CAN"]
[Date "2019.04.20"]
[Round "5.18"]
[White "Wiebe, Isaac"]
[Black "Demchenko, Svitlana"]
[Result "1/2-1/2"]
[WhiteElo "2053"]
[BlackElo "2135"]
[PlyCount "67"]
[EventDate "2019.04.18"]
[EventType "swiss"]
[EventRounds "9"]
[EventCountry "CAN"]

1. d4 Nf6 2. Bf4 g6 3. Nc3 Bg7 4. e4 d6 5. Qd2 O-O 6. Bh6 e5 7. Bxg7 Kxg7 8.
Nf3 Nc6 9. Bb5 Bd7 10. O-O-O a6 11. Bxc6 Bxc6 12. dxe5 Nxe4 13. Nxe4 Bxe4 14.
Ng5 Bxg2 15. Rhg1 Bc6 16. e6 Qf6 17. Nxf7 Qxe6 18. Qh6+ Kg8 19. Ng5 Qe7 20.
Nxh7 Qxh7 21. Rxg6+ Kh8 22. Qg5 Rxf2 23. Rh6 Rxc2+ 24. Kb1 Be4 25. Ka1 Rf2 26.
Qh4 Qxh6 27. Qxh6+ Bh7 28. Qh4 Raf8 29. Qd4+ R8f6 30. Rg1 Bg6 31. a3 Kh7 32.
Qh4+ Kg7 33. Qd4 Kh7 34. Qc3 1/2-1/2

[Event "CAN-ch"]
[Site "Kingston CAN"]
[Date "2019.04.21"]
[Round "6.2"]
[White "Bareev, Evgeny"]
[Black "Yang, Kaiqi"]
[Result "1-0"]
[WhiteElo "2642"]
[BlackElo "2505"]
[PlyCount "113"]
[EventDate "2019.04.18"]
[EventType "swiss"]
[EventRounds "9"]
[EventCountry "CAN"]

1. d4 Nf6 2. Nf3 e6 3. e3 c5 4. c4 d5 5. Nc3 Nc6 6. cxd5 exd5 7. Bb5 Bd6 8.
dxc5 Bxc5 9. O-O O-O 10. b3 a6 11. Bxc6 bxc6 12. Bb2 Re8 13. Rc1 Bd6 14. Na4
Bd7 15. Nc5 Bxc5 16. Bxf6 Qxf6 17. Rxc5 Re4 18. Nd4 Rh4 19. g3 Rh6 20. Qf3 Qg5
21. Rfc1 Rf6 22. Qe2 Qh6 23. Ra5 Re8 24. Rxa6 c5 25. Rxf6 Qxf6 26. Nf3 c4 27.
Kg2 Bc6 28. Kf1 Bb7 29. b4 Bc8 30. Nd4 Bh3+ 31. Ke1 h5 32. b5 g6 33. Rd1 Qe7
34. Qc2 Qa3 35. Qd2 Ra8 36. b6 c3 37. Qe2 Qb4 38. Qb5 Qxb5 39. Nxb5 c2 40. Rc1
Rb8 41. Rxc2 Rxb6 42. Rc5 Ra6 43. Nc3 Bg2 44. a4 Kf8 45. Ke2 g5 46. a5 Ke7 47.
Nxd5+ Kd6 48. Nb4 Kxc5 49. Nxa6+ Kb5 50. Nc7+ Kxa5 51. Ne8 Kb4 52. Nf6 h4 53.
f3 hxg3 54. hxg3 Bh1 55. g4 Kc4 56. Ne4 Kd5 57. Kf2 1-0

[Event "CAN-ch"]
[Site "Kingston CAN"]
[Date "2019.04.21"]
[Round "6.3"]
[White "Plotkin, Mark"]
[Black "Hambleton, Aman"]
[Result "1/2-1/2"]
[WhiteElo "2326"]
[BlackElo "2484"]
[PlyCount "80"]
[EventDate "2019.04.18"]
[EventType "swiss"]
[EventRounds "9"]
[EventCountry "CAN"]

1. Nf3 Nf6 2. g3 d5 3. Bg2 c6 4. O-O Bg4 5. d3 Nbd7 6. Nbd2 e5 7. h3 Bh5 8. e4
dxe4 9. dxe4 Bc5 10. Qe1 O-O 11. Nh4 a5 12. a4 Re8 13. Nc4 Bb4 14. c3 Bf8 15.
g4 Bg6 16. Bg5 h6 17. Nxg6 hxg5 18. Nxf8 Nxf8 19. Qe3 Ne6 20. Rfd1 Qe7 21. Bf1
g6 22. Nxe5 Qc5 23. Qxc5 Nxc5 24. Nd3 Nfxe4 25. Nxc5 Nxc5 26. b4 axb4 27. cxb4
Nxa4 28. Rd7 b5 29. Bg2 Rac8 30. Rc1 Re6 31. Rb7 Nb2 32. Rxb5 Nd3 33. Rc3 Nf4
34. Rc4 Re1+ 35. Kh2 Re2 36. Rxg5 Rxf2 37. Kg3 Rxg2+ 38. Kxf4 Rb8 39. Rgc5 Rb2
40. Rxc6 R2xb4 1/2-1/2